<?xml version="1.0" encoding="UTF-8"?>
<record
    xmlns:xsi="http://www.w3.org/2001/XMLSchema-instance"
    xsi:schemaLocation="http://www.loc.gov/MARC21/slim http://www.loc.gov/standards/marcxml/schema/MARC21slim.xsd"
    xmlns="http://www.loc.gov/MARC21/slim">

  <leader>02425nam a2200301   4500</leader>
  <controlfield tag="001">000656966</controlfield>
  <controlfield tag="003">OSt</controlfield>
  <controlfield tag="005">20260601193901.0</controlfield>
  <controlfield tag="008">260507b2015    mx ||||| |||| 00| 0 spa d</controlfield>
  <datafield tag="035" ind1=" " ind2=" ">
    <subfield code="a">TD015989</subfield>
  </datafield>
  <datafield tag="040" ind1=" " ind2=" ">
    <subfield code="a">ICI</subfield>
    <subfield code="b">spa</subfield>
    <subfield code="c">ICI</subfield>
    <subfield code="e">rda</subfield>
  </datafield>
  <datafield tag="041" ind1=" " ind2=" ">
    <subfield code="a">spa</subfield>
  </datafield>
  <datafield tag="050" ind1=" " ind2=" ">
    <subfield code="a">HE327</subfield>
    <subfield code="b">M69 2015</subfield>
  </datafield>
  <datafield tag="100" ind1=" " ind2=" ">
    <subfield code="a">Aquino, Thales Leonard dos Santos</subfield>
    <subfield code="9">33886</subfield>
  </datafield>
  <datafield tag="245" ind1=" " ind2="1">
    <subfield code="a">Hacia una movilidad consciente en la Zona Metropolitana del Valle de M&#xE9;xico</subfield>
    <subfield code="c">Thales Leonard dos Santos Aquino ; directora: Mtra. Nora Morales Zaragoza ; lectores: Mtro. Tonatiuh Navarro Mastache, Mtra. Georgina Dur&#xE1;n Quezada.</subfield>
    <subfield code="h">[recurso electr&#xF3;nico] :</subfield>
  </datafield>
  <datafield tag="246" ind1=" " ind2="1">
    <subfield code="a">Estrategias innovadoras aplicadas a la experiencia Iberob&#xFA;s</subfield>
    <subfield code="h">[recurso electr&#xF3;nico]</subfield>
  </datafield>
  <datafield tag="260" ind1=" " ind2=" ">
    <subfield code="a">2015</subfield>
  </datafield>
  <datafield tag="538" ind1=" " ind2=" ">
    <subfield code="a">Modo de acceso: World Wide Web; Adobe Acrobat Reader.</subfield>
  </datafield>
  <datafield tag="650" ind1=" " ind2=" ">
    <subfield code="a">Movilidad estudiantil</subfield>
    <subfield code="v">Estudio de casos</subfield>
    <subfield code="z">Distrito Federal</subfield>
    <subfield code="9">33887</subfield>
  </datafield>
  <datafield tag="650" ind1=" " ind2=" ">
    <subfield code="a">Movilidad laboral</subfield>
    <subfield code="v">Estudio de casos</subfield>
    <subfield code="z">Distrito Federal</subfield>
    <subfield code="9">33888</subfield>
  </datafield>
  <datafield tag="655" ind1=" " ind2=" ">
    <subfield code="a">Libros electr&#xF3;nicos</subfield>
  </datafield>
  <datafield tag="700" ind1=" " ind2=" ">
    <subfield code="a">Morales Zaragoza, Nora Ang&#xE9;lica</subfield>
    <subfield code="e">director</subfield>
    <subfield code="9">33890</subfield>
  </datafield>
  <datafield tag="700" ind1=" " ind2=" ">
    <subfield code="a">Navarro Mastache, Manuel Tonatiuh</subfield>
    <subfield code="e">lector</subfield>
    <subfield code="9">33891</subfield>
  </datafield>
  <datafield tag="700" ind1=" " ind2=" ">
    <subfield code="a">Dur&#xE1;n Quezada, Georgina</subfield>
    <subfield code="e">lector</subfield>
    <subfield code="9">33892</subfield>
  </datafield>
  <datafield tag="710" ind1=" " ind2=" ">
    <subfield code="a">Universidad Iberoamericana Ciudad de M&#xE9;xico.</subfield>
    <subfield code="b">Departamento de Dise&#xF1;o</subfield>
    <subfield code="9">33893</subfield>
  </datafield>
  <datafield tag="856" ind1=" " ind2=" ">
    <subfield code="u">&lt;a href="http://www.bib.uia.mx/tesis/pdf/015989/015989.pdf"&gt;http://www.bib.uia.mx/tesis/pdf/015989/015989.pdf&lt;/a&gt; Tipo de formato electr&#xF3;nico	pdf Nota p&#xFA;blica	Texto completo en pdf. 902 ## - ELEMENTOS DE DATOS B LOCAL, LDB (RLIN) a	Dise&#xF1;o Estrat&#xE9;gico e Innovaci&#xF3;n. b	Maestr&#xED;a 920 ## - --	Diplomado en Inteligencia Territorial, --	Universidad Aut&#xF3;noma Metropolitana - Cuajimalpa 920 ## - --	Dise&#xF1;o Industrial, --	Centro Universit&#xE1;rio da Cidade do Rio de Janeiro 920 ## - --	Dise&#xF1;o de Informaci&#xF3;n, --	Pontif&#xED;cia Universidad Cat&#xF3;lica de Chile 921 ## - --	Experiencia del Usuario 921 ## - --	Ret&#xF3;rica de la Imagen 921 ## - --	Dise&#xF1;o de Posicionamiento 922 ## - --	Taller de dise&#xF1;o de presentaciones 905 ## - ELEMENTOS DE DATOS E LOCAL, LDE (RLIN) a	15 915 ## - --	2015 916 ## - --	ISABEL 917 ## - --	MX 942 ## - ELEMENTOS DE PUNTO DE ACCESO ADICIONAL (KOHA) Tipo de &#xED;tem Koha	Impresos Ibero Excluir	SI 980 ## - EQUIVALENCIA O REFERENCIA-CRUZADA-MENCI&#xD3;N DE SERIE--NOMBRE DE PERSONA/T&#xCD;TULO [LOCAL, CANAD&#xC1;] Enlace entre campo y n&#xFA;mero de secuencia	126340 Informaci&#xF3;n miscel&#xE1;nea	ADMIN1</subfield>
  </datafield>
  <datafield tag="942" ind1=" " ind2=" ">
    <subfield code="2">lcc</subfield>
    <subfield code="c">B</subfield>
    <subfield code="n">1</subfield>
  </datafield>
  <datafield tag="999" ind1=" " ind2=" ">
    <subfield code="c">22240</subfield>
    <subfield code="d">22240</subfield>
  </datafield>
  <datafield tag="952" ind1=" " ind2=" ">
    <subfield code="0">0</subfield>
    <subfield code="1">0</subfield>
    <subfield code="2">lcc</subfield>
    <subfield code="4">0</subfield>
    <subfield code="7">0</subfield>
    <subfield code="a">BDIMFM</subfield>
    <subfield code="b">BDIMFM</subfield>
    <subfield code="d">2026-05-07</subfield>
    <subfield code="l">0</subfield>
    <subfield code="o">HE327 M69 2015</subfield>
    <subfield code="p">BDIMFM001001</subfield>
    <subfield code="r">2026-05-07 20:44:00</subfield>
    <subfield code="t">Ej.1</subfield>
    <subfield code="w">2026-05-07</subfield>
    <subfield code="y">B</subfield>
  </datafield>
</record>
